Acerca de la experiencia analítica

Salvato in:
Dettagli Bibliografici
Autore principale: Macri, Silvia (autora)
Natura: Libro
Lingua:spagnolo
Pubblicazione: Buenos Aires Grama Ediciones 2016
Edizione:1a. ed
Soggetti:
Tags: Aggiungi Tag
Nessun Tag, puoi essere il primo ad aggiungerne!!

MARC

LEADER 00000cam a2200000 a 4500
001 UCC0193
003 CL-VaPUC
005 20210623163447.0
008 170721e20160000ag |||||||||||||||||spa|d
999 |c 369097  |d 369095 
020 |a 9789874136022 
040 |c Pontificia Universidad Católica de Valparaíso 
082 0 4 |a 150.195  |b MAC  |2 21 
100 |a Macri, Silvia  |e autora  |9 594112 
245 1 0 |a Acerca de la experiencia analítica 
250 |a 1a. ed 
260 |a Buenos Aires  |b Grama Ediciones  |c 2016 
300 |a 120 p 
583 |a last modification  |c 20170721 23:47:00  |k Rodrigo Vera 
600 |a Lacan, Jacques-Marie Émile  |d 1901-1981  |9 859813 
650 0 |a Psicoanálisis   |9 265702 
852 |a BIBCUR 
942 |c BK  |2 ddc 
945 |d 20170721 23:47:00  |a arojas 
952 |0 0  |1 0  |3 erb  |4 0  |6 150_195000000000000_MAC_2016  |7 0  |8 A  |9 484650  |a BIBEDU  |b BIBEDU  |i 5408954  |l 2  |o 150.195 MAC 2016  |p 5408954  |r 2023-11-21  |s 2023-11-13  |w 2019-11-24  |y BK  |z Catalogado en:20170721  |k PSI